Statistics for Detroit Lions Quiz

Click here to take the quiz!

General Stats

  • This quiz has been taken 84 times
  • The average score is 12 of 15

Answer Stats

HintAnswer% Correct
What is the Current Lions QB? (2023)Jared Goff
97%
What QB that played for the Lions for years recently left the Lions to win the Superbowl (Rams)?Matthew Stafford
94%
How many times has the Lions gone to the Superbowl?0
91%
What year made the Lions the first team to 0-16?2008
91%
Who's going to the Superbowl this year?LIONS
91%
What state are the Lions' team apart of?Michigan
90%
Who are the Lion's football rivals?Green Bay Packers
88%
Who is their current Wide Receiver with 973 yards and 6 TDs? (2022)Amon-Ra St. Brown
87%
Who is the Lions' most famous running back who recently got a statue?Barry Sanders
87%
What year was the Lion's last playoff win?1992
86%
What does the WCF stand for on the LIon's Jerseys?William Clay Ford
86%
What Field do they Lions play on?Ford Field
83%
What is the official Blue of the Detroit Lions?Honolulu blue
58%
What is their mascot?Roary
43%
What is the color of the Alternate jerseys for the LIons?Rush Gray
6%

Score Distribution

Percentile by Number Answered

Percent of People with Each Score

Your Score History

You have not taken this quiz